000 01430cam a2200145 4500500
005 20251214002642.0
041 _afre
042 _adc
100 1 0 _aPagès, Stéphane
_eauthor
700 1 0 _aPagès, Stephan
_eauthor
245 0 0 _aGrammaire expliquée de l'espagnol : Eléments d'analyse grammaticale pour l'épreuve de traduction
260 _bArmand Colin,
_c2019.
520 _aSe voulant à la fois descriptive et explicative, cette grammaire, appliquée à la langue espagnole actuelle, vise essentiellement à présenter de manière claire et simple les principales notions. Par exemple, qu’est-ce qu’un verbe transitif, une conjonction, un pronom, à quoi sert un pronom relatif ? Il s’agit d’expliquer le fonctionnement des différentes parties du discours (nom, verbe, déterminants…) pour comprendre comment se construit une phrase, afin de favoriser la lecture et l’écriture et acquérir ainsi une meilleure maîtrise de la langue. Cet ouvrage s’adresse en priorité aux étudiants de premier cycle universitaire (Licence) mais peut être également utile aux candidats aux concours de recrutement (CAPES externe et agrégation interne) à qui il est demandé, dans le cadre de l’épreuve de thème/version, de procéder à une traduction raisonnée et argumentée.
856 4 1 _uhttps://shs.cairn.info/grammaire-expliquee-de-l-espagnol--9782200620714?lang=fr&redirect-ssocas=7080
999 _c1567289
_d1567289